Prekonanie terajšej globálnej krízy vyžaduje nové kvalitatívne aktivity vo vede, ekonomike, v životnom prostredí, sociálnej dimenzii aj mierovom vývoji sveta

Hodnotenie projekcie nového pokrízového modelu globálnej ekonomiky. V každej vyspelej krajine a tiež aj na Slovensku by tento nový model mal byť založený na kvalitatívne efektívnejšom rozvoji vedomostnej ekonomiky s prioritou rozvoja vedy a techniky vysokých škôl a novou úrovňou spolupráce s hospodá...

Ausführliche Beschreibung

Gespeichert in:
Bibliographische Detailangaben
1. Verfasser: Balhar, Víťazoslav
Weitere Verfasser: Balhar, Vítězslav, Jr
Format: Buchkapitel
Sprache:Slowakisch
Schlagworte:
Tags: Tag hinzufügen
Keine Tags, Fügen Sie das erste Tag hinzu!

MARC

LEADER 00000nla a2200000 4500
001 0158224
005 20240502072746.1
041 0 |a slo 
044 |a SK 
245 1 0 |a Prekonanie terajšej globálnej krízy vyžaduje nové kvalitatívne aktivity vo vede, ekonomike, v životnom prostredí, sociálnej dimenzii aj mierovom vývoji sveta  |c Víťazoslav Balhar, Vítězslav Balhar 
520 |a Hodnotenie projekcie nového pokrízového modelu globálnej ekonomiky. V každej vyspelej krajine a tiež aj na Slovensku by tento nový model mal byť založený na kvalitatívne efektívnejšom rozvoji vedomostnej ekonomiky s prioritou rozvoja vedy a techniky vysokých škôl a novou úrovňou spolupráce s hospodárskou praxou, doplnený trvalo udržateľným ekonomickým, sociálnym aj mierovým vývojom planéty Zeme. 
610 2 0 |a kríza hospodárska 
610 2 0 |a Slovensko 
610 2 0 |a rozvoj trvalo udržateľný 
610 2 0 |a hospodárstvo svetové 
610 2 0 |a veda 
610 2 0 |a prostredie životné 
610 2 0 |a reformy hospodárske 
100 1 |a Balhar, Víťazoslav 
700 1 |a Balhar, Vítězslav, Jr.